| 000 -LEADER |
| fixed length control field |
00290nam a22001217a 4500 |
| 008 - FIXED-LENGTH DATA ELEMENTS--GENERAL INFORMATION |
| fixed length control field |
250218b ||||| |||| 00| 0 eng d |
| 020 ## - INTERNATIONAL STANDARD BOOK NUMBER |
| International Standard Book Number |
9781402771842 |
| 082 ## - DEWEY DECIMAL CLASSIFICATION NUMBER |
| Classification number |
736 NGU |
| 100 ## - MAIN ENTRY--PERSONAL NAME |
| Personal name |
NGUYEN.DUY |
| Relator term |
AUTHOR |
| 245 ## - TITLE STATEMENT |
| Title |
UBER ORIGAMI |
| 260 ## - PUBLICATION, DISTRIBUTION, ETC. |
| Place of publication, distribution, etc. |
NEW YORK |
| Name of publisher, distributor, etc. |
STERLING PUBLISHING |
| 942 ## - ADDED ENTRY ELEMENTS (KOHA) |
| Source of classification or shelving scheme |
|